| 000 | 00479nam a2200181Ia 4500 | ||
|---|---|---|---|
| 008 | 180207s9999 xx 000 0 und d | ||
| 020 | _a9780888991676 | ||
| 050 | _bW189 2001 | ||
| 100 | _aWallace, Ian | ||
| 245 | _aChin Chiang and the dragon's dance / | ||
| 245 | _cwritten and illustrated by Ian Wallace. | ||
| 260 | _aNew York : | ||
| 260 | _bA Meadow Mouse Paperback, | ||
| 260 | _c2001 | ||
| 300 | _aunpaged : | ||
| 300 | _bcolor illustration ; | ||
| 300 | _c20cm. | ||
| 999 |
_c355516 _d355516 |
||